000
00255nam a2200097Ia 4500
001
1251698
005
20251031150920.0
008
251031s9999 xx 000 0 und d
245
0
_c
FRANÇOİS CORTEGGİANİ
_a
Ş-1 TARİH ÖNCESİ
260
_b
BETA YAYINLARI
999
_c
1251698
_d
1251698